[Event "ODJM B 2025"]
[Site "Willingen GER"]
[Date "2025.06.11"]
[Round "5"]
[White "Maraun, Lias"]
[Black "Thoms, Eric"]
[Result "0-1"]
[Termination "normal"]
[Board "34"]
[WhiteElo "1763"]
[BlackElo "1716"]
[WhiteClock "00:22:30"]
[BlackClock "00:49:44"]
[PlyCount "116"]
[WhiteFideId "533017441"]
[BlackFideId "34623450"]
[EventCountry "GER"]
[EventRounds "9"]
[EventType "swiss"]
[EventDate "2025.06.07"]

1. d4 {[%clk 01:30:51]} {[%emt 00:00:09]} d5 {[%clk 01:30:52]} {[%emt
00:00:08]} 2. Nc3 {[%clk 01:31:00]} {[%emt 00:00:21]} Bf5 {[%clk 01:30:57]}
{[%emt 00:00:24]} 3. Bf4 {[%clk 01:31:00]} {[%emt 00:00:30]} c6 {[%clk
01:31:16]} {[%emt 00:00:11]} 4. e3 {[%clk 01:30:34]} {[%emt 00:00:56]} Nf6
{[%clk 01:31:31]} {[%emt 00:00:15]} 5. f3 {[%clk 01:30:31]} {[%emt 00:00:34]}
e6 {[%clk 01:31:15]} {[%emt 00:00:46]} 6. g4 {[%clk 01:30:45]} {[%emt
00:00:16]} Bg6 {[%clk 01:30:31]} {[%emt 00:01:14]} 7. h4 {[%clk 01:31:01]}
{[%emt 00:00:13]} h6 {[%clk 01:30:09]} {[%emt 00:00:52]} 8. Bd3 {[%clk
01:31:14]} {[%emt 00:00:17]} Bxd3 {[%clk 01:29:23]} {[%emt 00:01:17]} 9. cxd3
{[%clk 01:31:36]} {[%emt 00:00:08]} Bd6 {[%clk 01:29:44]} {[%emt 00:00:09]} 10.
Nge2 {[%clk 01:31:22]} {[%emt 00:00:43]} Na6 {[%clk 01:24:05]} {[%emt
00:06:10]} 11. Qb3 {[%clk 01:28:48]} {[%emt 00:03:04]} Bxf4 {[%clk 01:22:35]}
{[%emt 00:01:59]} 12. Nxf4 {[%clk 01:28:56]} {[%emt 00:00:22]} Qe7 {[%clk
01:19:14]} {[%emt 00:03:51]} 13. Kf2 {[%clk 01:26:07]} {[%emt 00:03:20]} O-O-O
{[%clk 01:18:36]} {[%emt 00:01:08]} 14. Rac1 {[%clk 01:23:49]} {[%emt
00:02:47]} Kb8 {[%clk 01:18:28]} {[%emt 00:00:38]} 15. a3 {[%clk 01:23:13]}
{[%emt 00:01:07]} Ka8 {[%clk 01:18:34]} {[%emt 00:00:24]} 16. Qc2 {[%clk
01:21:31]} {[%emt 00:02:12]} Qd6 {[%clk 01:16:20]} {[%emt 00:02:44]} 17. Nfe2
{[%clk 01:13:30]} {[%emt 00:08:31]} Nd7 {[%clk 01:13:52]} {[%emt 00:02:57]} 18.
b4 {[%clk 01:12:10]} {[%emt 00:01:51]} Nc7 {[%clk 01:13:39]} {[%emt 00:00:42]}
19. b5 {[%clk 01:07:03]} {[%emt 00:05:38]} Nxb5 {[%clk 01:08:08]} {[%emt
00:06:01]} 20. Nxb5 {[%clk 01:07:20]} {[%emt 00:00:12]} cxb5 {[%clk 01:08:29]}
{[%emt 00:00:09]} 21. Qb3 {[%clk 01:04:59]} {[%emt 00:02:52]} a6 {[%clk
01:06:50]} {[%emt 00:02:09]} 22. Nc3 {[%clk 00:58:42]} {[%emt 00:06:47]} Rc8
{[%clk 01:04:18]} {[%emt 00:03:01]} 23. Rb1 {[%clk 00:54:28]} {[%emt 00:04:45]}
Nb6 {[%clk 01:02:42]} {[%emt 00:02:06]} 24. a4 {[%clk 00:51:51]} {[%emt
00:03:07]} Rxc3 {[%clk 01:00:54]} {[%emt 00:02:18]} 25. Qxc3 {[%clk 00:52:11]}
{[%emt 00:00:10]} Rc8 {[%clk 01:01:16]} {[%emt 00:00:08]} 26. Qb3 {[%clk
00:46:53]} {[%emt 00:05:48]} Nxa4 {[%clk 01:01:29]} {[%emt 00:00:17]} 27. f4
{[%clk 00:46:03]} {[%emt 00:01:19]} Rc3 {[%clk 00:59:59]} {[%emt 00:02:00]} 28.
Qb4 {[%clk 00:40:53]} {[%emt 00:05:41]} Qxb4 {[%clk 00:57:53]} {[%emt
00:02:36]} 29. Rxb4 {[%clk 00:41:17]} {[%emt 00:00:06]} Rxd3 {[%clk 00:57:48]}
{[%emt 00:00:35]} 30. Ke2 {[%clk 00:36:19]} {[%emt 00:05:27]} Ra3 {[%clk
00:57:10]} {[%emt 00:01:08]} 31. Kf3 {[%clk 00:35:24]} {[%emt 00:01:25]} Nb6
{[%clk 00:56:32]} {[%emt 00:01:08]} 32. Rb2 {[%clk 00:34:42]} {[%emt 00:01:12]}
Nc4 {[%clk 00:56:54]} {[%emt 00:00:09]} 33. Re2 {[%clk 00:35:06]} {[%emt
00:00:06]} b4 {[%clk 00:56:39]} {[%emt 00:00:45]} 34. f5 {[%clk 00:32:45]}
{[%emt 00:02:51]} b3 {[%clk 00:56:15]} {[%emt 00:00:54]} 35. fxe6 {[%clk
00:32:47]} {[%emt 00:00:27]} fxe6 {[%clk 00:56:37]} {[%emt 00:00:08]} 36. Kf4
{[%clk 00:32:53]} {[%emt 00:00:25]} b2 {[%clk 00:56:54]} {[%emt 00:00:13]} 37.
Rb1 {[%clk 00:33:17]} {[%emt 00:00:06]} b5 {[%clk 00:55:27]} {[%emt 00:01:58]}
38. Rbxb2 {[%clk 00:33:05]} {[%emt 00:00:41]} Nxb2 {[%clk 00:55:47]} {[%emt
00:00:09]} 39. Rxb2 {[%clk 00:33:30]} {[%emt 00:00:06]} Kb7 {[%clk 00:55:45]}
{[%emt 00:00:31]} 40. e4 {[%clk 00:32:33]} {[%emt 00:01:27]} dxe4 {[%clk
00:53:32]} {[%emt 00:02:43]} 41. Kxe4 {[%clk 00:32:56]} {[%emt 00:00:07]} Kc6
{[%clk 00:53:30]} {[%emt 00:00:32]} 42. Rc2+ {[%clk 00:33:11]} {[%emt
00:00:15]} Kd6 {[%clk 00:52:59]} {[%emt 00:01:01]} 43. Rc8 {[%clk 00:32:07]}
{[%emt 00:01:35]} b4 {[%clk 00:53:22]} {[%emt 00:00:07]} 44. Rb8 {[%clk
00:32:11]} {[%emt 00:00:25]} a5 {[%clk 00:53:20]} {[%emt 00:00:33]} 45. Rb6+
{[%clk 00:32:25]} {[%emt 00:00:16]} Ke7 {[%clk 00:53:18]} {[%emt 00:00:32]} 46.
g5 {[%clk 00:31:30]} {[%emt 00:01:25]} hxg5 {[%clk 00:53:07]} {[%emt 00:00:41]}
47. hxg5 {[%clk 00:31:51]} {[%emt 00:00:08]} Kf7 {[%clk 00:49:37]} {[%emt
00:04:00]} 48. g6+ {[%clk 00:26:45]} {[%emt 00:05:36]} Kxg6 {[%clk 00:49:12]}
{[%emt 00:00:56]} 49. d5 {[%clk 00:26:48]} {[%emt 00:00:27]} Ra1 {[%clk
00:48:54]} {[%emt 00:00:47]} 50. Rxe6+ {[%clk 00:26:54]} {[%emt 00:00:24]} Kf7
{[%clk 00:49:16]} {[%emt 00:00:07]} 51. Kd4 {[%clk 00:25:15]} {[%emt 00:02:10]}
Rd1+ {[%clk 00:48:33]} {[%emt 00:01:14]} 52. Kc4 {[%clk 00:23:30]} {[%emt
00:02:15]} b3 {[%clk 00:48:09]} {[%emt 00:00:53]} 53. Rb6 {[%clk 00:23:14]}
{[%emt 00:00:46]} a4 {[%clk 00:48:33]} {[%emt 00:00:07]} 54. Rb7+ {[%clk
00:22:06]} {[%emt 00:01:37]} Kf6 {[%clk 00:48:56]} {[%emt 00:00:08]} 55. Rb6+
{[%clk 00:22:33]} {[%emt 00:00:02]} Ke5 {[%clk 00:49:08]} {[%emt 00:00:18]} 56.
Re6+ {[%clk 00:22:51]} {[%emt 00:00:12]} Kf5 {[%clk 00:49:30]} {[%emt
00:00:08]} 57. Rb6 {[%clk 00:22:42]} {[%emt 00:00:40]} a3 {[%clk 00:49:23]}
{[%emt 00:00:37]} 58. Kxb3 {[%clk 00:22:30]} {[%emt 00:00:42]} Rb1+ {[%clk
00:49:44]} {[%emt 00:00:08]} 0-1

[Event "ODJM B 2025"]
[Site "Willingen GER"]
[Date "2025.06.11"]
[Round "5"]
[White "Matsarski, David"]
[Black "Gold, Finnja"]
[Result "1/2-1/2"]
[Termination "normal"]
[Board "35"]
[WhiteElo "1723"]
[BlackElo "1631"]
[WhiteClock "01:08:38"]
[BlackClock "01:25:37"]
[PlyCount "57"]
[WhiteFideId "34663355"]
[BlackFideId "34660453"]
[EventCountry "GER"]
[EventRounds "9"]
[EventType "swiss"]
[EventDate "2025.06.07"]

1. e4 {[%clk 01:29:33]} {[%emt 00:01:27]} c5 {[%clk 01:30:55]} {[%emt
00:00:05]} 2. Nf3 {[%clk 01:29:29]} {[%emt 00:00:34]} a6 {[%clk 01:31:17]}
{[%emt 00:00:08]} 3. c3 {[%clk 01:29:39]} {[%emt 00:00:20]} d5 {[%clk
01:31:38]} {[%emt 00:00:08]} 4. exd5 {[%clk 01:30:04]} {[%emt 00:00:06]} Qxd5
{[%clk 01:32:01]} {[%emt 00:00:06]} 5. d4 {[%clk 01:30:29]} {[%emt 00:00:06]}
Nf6 {[%clk 01:32:21]} {[%emt 00:00:10]} 6. Be2 {[%clk 01:30:49]} {[%emt
00:00:10]} Bg4 {[%clk 01:31:13]} {[%emt 00:01:37]} 7. O-O {[%clk 01:28:25]}
{[%emt 00:02:55]} e6 {[%clk 01:31:20]} {[%emt 00:00:23]} 8. Bf4 {[%clk
01:25:33]} {[%emt 00:03:22]} Be7 {[%clk 01:30:49]} {[%emt 00:00:59]} 9. c4
{[%clk 01:23:48]} {[%emt 00:02:17]} Qd8 {[%clk 01:30:23]} {[%emt 00:00:55]} 10.
dxc5 {[%clk 01:21:28]} {[%emt 00:02:51]} Qxd1 {[%clk 01:30:23]} {[%emt
00:00:30]} 11. Rxd1 {[%clk 01:21:53]} {[%emt 00:00:05]} Bxc5 {[%clk 01:30:27]}
{[%emt 00:00:25]} 12. Nc3 {[%clk 01:21:12]} {[%emt 00:01:12]} O-O {[%clk
01:30:38]} {[%emt 00:00:19]} 13. Ne5 {[%clk 01:20:40]} {[%emt 00:01:02]} Bxe2
{[%clk 01:30:18]} {[%emt 00:00:50]} 14. Nxe2 {[%clk 01:21:01]} {[%emt
00:00:09]} Ne4 {[%clk 01:30:30]} {[%emt 00:00:17]} 15. Nd3 {[%clk 01:16:12]}
{[%emt 00:05:20]} Ba7 {[%clk 01:30:12]} {[%emt 00:00:46]} 16. Ng3 {[%clk
01:15:40]} {[%emt 00:01:03]} Nxg3 {[%clk 01:30:30]} {[%emt 00:00:14]} 17. Bxg3
{[%clk 01:15:58]} {[%emt 00:00:11]} Nc6 {[%clk 01:30:50]} {[%emt 00:00:09]} 18.
Bd6 {[%clk 01:15:46]} {[%emt 00:00:43]} Rfd8 {[%clk 01:30:03]} {[%emt
00:01:15]} 19. c5 {[%clk 01:16:06]} {[%emt 00:00:13]} Bb8 {[%clk 01:28:29]}
{[%emt 00:02:04]} 20. Bxb8 {[%clk 01:11:21]} {[%emt 00:05:14]} Raxb8 {[%clk
01:28:42]} {[%emt 00:00:17]} 21. f3 {[%clk 01:09:41]} {[%emt 00:02:10]} Kf8
{[%clk 01:28:22]} {[%emt 00:00:50]} 22. Nf2 {[%clk 01:09:36]} {[%emt 00:00:35]}
Ke7 {[%clk 01:28:20]} {[%emt 00:00:31]} 23. Ne4 {[%clk 01:09:52]} {[%emt
00:00:14]} b6 {[%clk 01:26:28]} {[%emt 00:02:22]} 24. Rxd8 {[%clk 01:09:20]}
{[%emt 00:01:03]} Rxd8 {[%clk 01:25:28]} {[%emt 00:01:30]} 25. cxb6 {[%clk
01:08:54]} {[%emt 00:00:56]} Rb8 {[%clk 01:25:44]} {[%emt 00:00:14]} 26. Rd1
{[%clk 01:08:52]} {[%emt 00:00:32]} Rxb6 {[%clk 01:26:00]} {[%emt 00:00:14]}
27. Rd2 {[%clk 01:08:56]} {[%emt 00:00:26]} Nb4 {[%clk 01:25:16]} {[%emt
00:01:14]} 28. a3 {[%clk 01:09:08]} {[%emt 00:00:18]} Nd5 {[%clk 01:25:37]}
{[%emt 00:00:09]} 29. Kf2 {[%clk 01:08:38]} {[%emt 00:01:00]} 1/2-1/2

[Event "ODJM B 2025"]
[Site "Willingen GER"]
[Date "2025.06.11"]
[Round "5"]
[White "Bakó, Evelin"]
[Black "Jacoby, Angelina"]
[Result "1-0"]
[Termination "normal"]
[Board "36"]
[WhiteElo "1637"]
[BlackElo "1707"]
[WhiteClock "00:17:28"]
[BlackClock "00:17:27"]
[PlyCount "101"]
[WhiteFideId "16271823"]
[BlackFideId "12999008"]
[EventCountry "GER"]
[EventRounds "9"]
[EventType "swiss"]
[EventDate "2025.06.07"]

1. d4 {[%clk 01:30:57]} {[%emt 00:00:02]} d5 {[%clk 01:30:53]} {[%emt
00:00:08]} 2. Nf3 {[%clk 01:31:20]} {[%emt 00:00:06]} Nf6 {[%clk 01:31:18]}
{[%emt 00:00:05]} 3. e3 {[%clk 01:31:43]} {[%emt 00:00:10]} c5 {[%clk
01:31:17]} {[%emt 00:00:29]} 4. b3 {[%clk 01:31:06]} {[%emt 00:01:07]} cxd4
{[%clk 01:26:37]} {[%emt 00:05:10]} 5. exd4 {[%clk 01:30:51]} {[%emt 00:00:45]}
Nc6 {[%clk 01:26:01]} {[%emt 00:01:06]} 6. Bb2 {[%clk 01:26:48]} {[%emt
00:04:33]} Bg4 {[%clk 01:24:19]} {[%emt 00:02:12]} 7. Be2 {[%clk 01:26:18]}
{[%emt 00:01:00]} e6 {[%clk 01:22:23]} {[%emt 00:02:26]} 8. Nbd2 {[%clk
01:19:19]} {[%emt 00:07:29]} Bd6 {[%clk 01:11:18]} {[%emt 00:11:36]} 9. O-O
{[%clk 01:17:40]} {[%emt 00:02:08]} Rc8 {[%clk 01:09:32]} {[%emt 00:02:15]} 10.
Rc1 {[%clk 01:15:32]} {[%emt 00:02:38]} O-O {[%clk 01:06:36]} {[%emt 00:03:27]}
11. c4 {[%clk 01:07:23]} {[%emt 00:08:38]} h6 {[%clk 00:54:53]} {[%emt
00:12:14]} 12. Ne5 {[%clk 00:54:07]} {[%emt 00:13:46]} Bf5 {[%clk 00:48:45]}
{[%emt 00:06:38]} 13. Re1 {[%clk 00:46:37]} {[%emt 00:07:58]} Bb4 {[%clk
00:42:50]} {[%emt 00:06:26]} 14. a3 {[%clk 00:45:25]} {[%emt 00:01:43]} Bxd2
{[%clk 00:40:47]} {[%emt 00:02:32]} 15. Qxd2 {[%clk 00:42:27]} {[%emt
00:03:28]} dxc4 {[%clk 00:40:24]} {[%emt 00:00:54]} 16. Nxc4 {[%clk 00:39:06]}
{[%emt 00:03:51]} Nd5 {[%clk 00:35:16]} {[%emt 00:05:38]} 17. Ne3 {[%clk
00:37:32]} {[%emt 00:02:03]} Nxe3 {[%clk 00:29:46]} {[%emt 00:06:01]} 18. fxe3
{[%clk 00:36:20]} {[%emt 00:01:41]} Be4 {[%clk 00:14:34]} {[%emt 00:15:42]} 19.
Rf1 {[%clk 00:31:17]} {[%emt 00:05:33]} Qb6 {[%clk 00:11:53]} {[%emt 00:03:12]}
20. b4 {[%clk 00:28:36]} {[%emt 00:03:11]} Ne7 {[%clk 00:11:50]} {[%emt
00:00:33]} 21. Rxc8 {[%clk 00:22:53]} {[%emt 00:06:12]} Rxc8 {[%clk 00:11:40]}
{[%emt 00:00:41]} 22. Rc1 {[%clk 00:21:10]} {[%emt 00:02:13]} Rxc1+ {[%clk
00:09:57]} {[%emt 00:02:12]} 23. Qxc1 {[%clk 00:20:51]} {[%emt 00:00:49]} Qc6
{[%clk 00:10:14]} {[%emt 00:00:14]} 24. Qxc6 {[%clk 00:18:53]} {[%emt
00:02:28]} Bxc6 {[%clk 00:09:52]} {[%emt 00:00:52]} 25. Bf3 {[%clk 00:17:57]}
{[%emt 00:01:26]} Bxf3 {[%clk 00:07:45]} {[%emt 00:02:37]} 26. gxf3 {[%clk
00:18:21]} {[%emt 00:00:05]} Nd5 {[%clk 00:06:54]} {[%emt 00:01:22]} 27. Kf2
{[%clk 00:17:47]} {[%emt 00:01:04]} Kf8 {[%clk 00:06:29]} {[%emt 00:00:55]} 28.
Ke2 {[%clk 00:13:33]} {[%emt 00:04:43]} g6 {[%clk 00:05:10]} {[%emt 00:01:49]}
29. Kd3 {[%clk 00:11:33]} {[%emt 00:02:30]} Ke7 {[%emt 00:01:02]} 30. Bc1
{[%clk 00:11:13]} {[%emt 00:00:50]} h5 {[%clk 00:04:28]} {[%emt 00:00:41]} 31.
e4 {[%clk 00:11:13]} {[%emt 00:00:29]} Nb6 {[%clk 00:04:51]} {[%emt 00:00:08]}
32. Be3 {[%clk 00:10:26]} {[%emt 00:01:17]} Kd6 {[%clk 00:04:31]} {[%emt
00:00:50]} 33. Kc3 {[%clk 00:08:18]} {[%emt 00:02:37]} Kc6 {[%clk 00:03:46]}
{[%emt 00:01:16]} 34. Kb3 {[%clk 00:06:29]} {[%emt 00:02:18]} Nc8 {[%clk
00:03:33]} {[%emt 00:00:44]} 35. a4 {[%clk 00:05:51]} {[%emt 00:01:08]} a6
{[%clk 00:03:29]} {[%emt 00:00:35]} 36. a5 {[%clk 00:04:41]} {[%emt 00:01:39]}
b5 {[%clk 00:02:38]} {[%emt 00:01:21]} 37. axb6 {[%clk 00:04:28]} {[%emt
00:00:43]} Nxb6 {[%clk 00:03:04]} {[%emt 00:00:04]} 38. d5+ {[%clk 00:03:49]}
{[%emt 00:01:09]} exd5 {[%clk 00:02:35]} {[%emt 00:00:59]} 39. Bxb6 {[%clk
00:02:51]} {[%emt 00:01:28]} dxe4 {[%clk 00:02:27]} {[%emt 00:00:37]} 40. Bf2
{[%clk 00:01:58]} {[%emt 00:01:23]} exf3 {[%clk 00:02:47]} {[%emt 00:00:11]}
41. Kc4 {[%clk 00:00:44]} {[%emt 00:01:43]} g5 {[%clk 00:28:18]} {[%emt
00:05:00]} 42. Kd4 {[%clk 00:26:47]} {[%emt 00:04:27]} Kd6 {[%clk 00:23:38]}
{[%emt 00:05:10]} 43. Ke4 {[%clk 00:26:14]} {[%emt 00:01:03]} Ke6 {[%clk
00:23:32]} {[%emt 00:00:36]} 44. Kxf3 {[%clk 00:26:29]} {[%emt 00:00:14]} Kd5
{[%clk 00:23:16]} {[%emt 00:00:47]} 45. Be3 {[%clk 00:26:04]} {[%emt 00:00:55]}
f6 {[%clk 00:22:40]} {[%emt 00:01:06]} 46. Bc5 {[%clk 00:19:19]} {[%emt
00:07:15]} f5 {[%clk 00:18:18]} {[%emt 00:04:52]} 47. Be7 {[%clk 00:18:30]}
{[%emt 00:01:18]} g4+ {[%clk 00:17:41]} {[%emt 00:01:08]} 48. Kf4 {[%clk
00:18:34]} {[%emt 00:00:26]} Ke6 {[%clk 00:16:56]} {[%emt 00:01:15]} 49. Bh4
{[%clk 00:18:38]} {[%emt 00:00:25]} Kd5 {[%clk 00:17:01]} {[%emt 00:00:26]} 50.
Kxf5 {[%clk 00:18:42]} {[%emt 00:00:25]} Kc4 {[%clk 00:17:27]} {[%emt
00:00:04]} 51. Be1 {[%clk 00:17:28]} {[%emt 00:01:44]} 1-0

[Event "ODJM B 2025"]
[Site "Willingen GER"]
[Date "2025.06.11"]
[Round "5"]
[White "Magezi, Noah"]
[Black "Völpel, Alexander"]
[Result "1-0"]
[Termination "normal"]
[Board "37"]
[WhiteElo "1607"]
[BlackElo "1709"]
[WhiteClock "01:08:03"]
[BlackClock "00:28:46"]
[PlyCount "57"]
[WhiteFideId "34696113"]
[BlackFideId "34603131"]
[EventCountry "GER"]
[EventRounds "9"]
[EventType "swiss"]
[EventDate "2025.06.07"]

1. d4 {[%clk 01:30:58]} {[%emt 00:00:01]} d5 {[%clk 01:30:54]} {[%emt
00:00:07]} 2. c4 {[%clk 01:31:23]} {[%emt 00:00:05]} e6 {[%clk 01:31:20]}
{[%emt 00:00:04]} 3. Nc3 {[%clk 01:31:48]} {[%emt 00:00:04]} Nf6 {[%clk
01:31:45]} {[%emt 00:00:09]} 4. cxd5 {[%clk 01:32:14]} exd5 {[%clk 01:31:55]}
{[%emt 00:00:19]} 5. Bg5 {[%clk 01:32:38]} {[%emt 00:00:06]} Be7 {[%clk
01:32:11]} {[%emt 00:00:14]} 6. e3 {[%clk 01:32:59]} {[%emt 00:00:09]} h6
{[%clk 01:31:26]} {[%emt 00:01:15]} 7. Bh4 {[%clk 01:32:14]} {[%emt 00:01:15]}
c6 {[%clk 01:30:02]} {[%emt 00:01:55]} 8. Bd3 {[%clk 01:32:21]} {[%emt
00:00:22]} Qb6 {[%clk 01:29:05]} {[%emt 00:01:28]} 9. Qc2 {[%clk 01:31:46]}
{[%emt 00:01:05]} Be6 {[%clk 01:27:48]} {[%emt 00:01:46]} 10. Nf3 {[%clk
01:31:19]} {[%emt 00:00:57]} Nbd7 {[%clk 01:26:45]} {[%emt 00:01:33]} 11. O-O
{[%clk 01:31:40]} {[%emt 00:00:10]} Bd6 {[%clk 01:15:56]} {[%emt 00:11:18]} 12.
Rab1 {[%clk 01:28:59]} {[%emt 00:03:11]} O-O {[%clk 01:13:25]} {[%emt
00:03:02]} 13. b4 {[%clk 01:28:01]} {[%emt 00:01:28]} a6 {[%clk 01:12:49]}
{[%emt 00:01:06]} 14. Bg3 {[%clk 01:25:05]} {[%emt 00:03:25]} Bxg3 {[%clk
01:10:42]} {[%emt 00:02:37]} 15. hxg3 {[%clk 01:23:33]} {[%emt 00:02:02]} Qc7
{[%clk 01:10:34]} {[%emt 00:00:38]} 16. Na4 {[%clk 01:22:40]} {[%emt 00:01:24]}
Ne8 {[%clk 00:54:06]} {[%emt 00:16:58]} 17. Nc5 {[%clk 01:15:51]} {[%emt
00:07:19]} Nef6 {[%clk 00:50:48]} {[%emt 00:03:48]} 18. a4 {[%clk 01:15:00]}
{[%emt 00:01:21]} Nxc5 {[%clk 00:43:12]} {[%emt 00:08:05]} 19. bxc5 {[%clk
01:15:18]} {[%emt 00:00:13]} Rfb8 {[%clk 00:43:20]} {[%emt 00:00:22]} 20. Ne5
{[%clk 01:12:24]} {[%emt 00:03:24]} Qa5 {[%clk 00:40:40]} {[%emt 00:03:09]} 21.
Rb6 {[%clk 01:10:42]} {[%emt 00:02:14]} Nd7 {[%clk 00:29:09]} {[%emt 00:12:00]}
22. Nxd7 {[%clk 01:09:06]} {[%emt 00:02:06]} Bxd7 {[%clk 00:29:36]} {[%emt
00:00:03]} 23. Rfb1 {[%clk 01:08:51]} {[%emt 00:00:45]} Ra7 {[%clk 00:28:33]}
{[%emt 00:01:33]} 24. R1b4 {[%clk 01:06:57]} {[%emt 00:02:24]} g6 {[%clk
00:27:50]} {[%emt 00:01:13]} 25. Bxg6 {[%clk 01:06:48]} {[%emt 00:00:40]} fxg6
{[%clk 00:28:04]} {[%emt 00:00:15]} 26. Qxg6+ {[%clk 01:07:11]} {[%emt
00:00:07]} Kh8 {[%clk 00:28:19]} {[%emt 00:00:14]} 27. Qxh6+ {[%clk 01:07:35]}
{[%emt 00:00:07]} Kg8 {[%clk 00:28:43]} {[%emt 00:00:06]} 28. Qg5+ {[%clk
01:07:47]} {[%emt 00:00:18]} Kh8 {[%clk 00:28:46]} {[%emt 00:00:27]} 29. Qe5+
{[%clk 01:08:03]} {[%emt 00:00:15]} 1-0

[Event "ODJM B 2025"]
[Site "Willingen GER"]
[Date "2025.06.11"]
[Round "5"]
[White "Wolf, Helena"]
[Black "Päpke, Aaron"]
[Result "1/2-1/2"]
[Termination "normal"]
[Board "38"]
[WhiteElo "1702"]
[BlackElo "1652"]
[WhiteClock "00:22:40"]
[BlackClock "01:03:04"]
[PlyCount "50"]
[WhiteFideId "34671030"]
[BlackFideId "34684930"]
[EventCountry "GER"]
[EventRounds "9"]
[EventType "swiss"]
[EventDate "2025.06.07"]

1. e4 {[%clk 01:30:58]} {[%emt 00:00:02]} c5 {[%clk 01:30:54]} {[%emt
00:00:07]} 2. Nf3 {[%clk 01:31:23]} {[%emt 00:00:04]} Nc6 {[%clk 01:31:21]}
{[%emt 00:00:03]} 3. Bb5 {[%clk 01:31:45]} {[%emt 00:00:08]} g6 {[%clk
01:31:46]} {[%emt 00:00:05]} 4. O-O {[%clk 01:32:10]} {[%emt 00:00:05]} Bg7
{[%clk 01:32:12]} {[%emt 00:00:04]} 5. c3 {[%clk 01:32:37]} {[%emt 00:00:03]}
Nf6 {[%clk 01:31:39]} {[%emt 00:01:03]} 6. Re1 {[%clk 01:33:02]} {[%emt
00:00:06]} O-O {[%clk 01:31:53]} {[%emt 00:00:16]} 7. d4 {[%clk 01:28:21]}
{[%emt 00:05:11]} cxd4 {[%clk 01:30:33]} {[%emt 00:01:50]} 8. cxd4 {[%clk
01:27:48]} {[%emt 00:01:02]} a6 {[%clk 01:29:50]} {[%emt 00:01:13]} 9. Bf1
{[%clk 01:16:54]} {[%emt 00:11:24]} d6 {[%clk 01:26:57]} {[%emt 00:03:22]} 10.
h3 {[%clk 01:11:37]} {[%emt 00:05:47]} Nd7 {[%clk 01:25:15]} {[%emt 00:02:13]}
11. Nc3 {[%clk 01:06:11]} {[%emt 00:05:56]} Qb6 {[%clk 01:21:55]} {[%emt
00:03:49]} 12. Nd5 {[%clk 01:02:35]} {[%emt 00:04:07]} Qd8 {[%clk 01:21:42]}
{[%emt 00:00:42]} 13. Be3 {[%clk 01:00:31]} {[%emt 00:02:35]} b5 {[%clk
01:21:21]} {[%emt 00:00:51]} 14. Rc1 {[%clk 00:53:08]} {[%emt 00:07:52]} Bb7
{[%clk 01:21:42]} {[%emt 00:00:09]} 15. a3 {[%clk 00:52:14]} {[%emt 00:01:25]}
Rc8 {[%clk 01:21:29]} {[%emt 00:00:42]} 16. Bg5 {[%clk 00:43:40]} {[%emt
00:09:05]} Re8 {[%clk 01:19:55]} {[%emt 00:02:03]} 17. Qd2 {[%clk 00:41:58]}
{[%emt 00:02:12]} Nf8 {[%clk 01:18:52]} {[%emt 00:01:33]} 18. Bh6 {[%clk
00:37:05]} {[%emt 00:05:23]} Ne6 {[%clk 01:16:03]} {[%emt 00:03:19]} 19. Bxg7
{[%clk 00:36:03]} {[%emt 00:01:32]} Kxg7 {[%clk 01:16:26]} {[%emt 00:00:07]}
20. Nf4 {[%clk 00:32:58]} {[%emt 00:03:35]} Nxf4 {[%clk 01:14:51]} {[%emt
00:02:06]} 21. Qxf4 {[%clk 00:33:17]} {[%emt 00:00:10]} e5 {[%clk 01:13:54]}
{[%emt 00:01:28]} 22. Qd2 {[%clk 00:28:34]} {[%emt 00:05:11]} exd4 {[%clk
01:03:36]} {[%emt 00:10:49]} 23. Nxd4 {[%clk 00:26:34]} {[%emt 00:02:30]} Qf6
{[%clk 01:03:54]} {[%emt 00:00:12]} 24. Nxc6 {[%clk 00:24:36]} {[%emt
00:02:28]} Rxc6 {[%clk 01:02:46]} {[%emt 00:01:38]} 25. Rxc6 {[%clk 00:22:40]}
{[%emt 00:02:27]} Bxc6 {[%clk 01:03:04]} {[%emt 00:00:11]} 1/2-1/2